000 00517nam a2200181Ia 4500
003 OSt
005 20240504123147.0
008 210210b1950 xxu||||| |||| 00| 0 eng d
040 _cAL
041 _ahin
082 _a861/1
100 _aAGARVAL (S)
_9158849
_dअग्रवाल
245 _aAkbari darbar ke hindi kavi
_bअख्बारि दरबार के हिनी कवी
260 _bLucknow Vishvvidyalay
_c1950
690 _aHindi Poetry
_9158855
906 _a023022
942 _2ddc
_cBK
999 _c147909
_d147909